000
00311nam a2200097Ia 4500
008
171204s9999 xx 000 0 und d
245
_a
Managing DB2 for Z/Os Utilities With DB2 Tools Solution Packs:
260
_c
2013
650
_x
ADVANCED DATABASE SYSTEM
856
_u
http://down.ebook777.com/058/0738438472.pdf
999
_c
347089
_d
347089